| 000 | 00000nas 2200000za 4500 |
| 001 | 9.501118 |
| 003 | CaOODSP |
| 005 | 20221107132937 |
| 007 | cr ||||||||||| |
| 008 | 150406d20032015oncqr p o f0 b0fre|d |
| 022 | |a1719-7600|y1481-3335 |
| 040 | |aCaOODSP|bfre |
| 043 | |an-cn-qu |
| 086 | 1 |aNH12-182F-PDF |
| 222 | 0|aActualités habitation. Saguenay |
| 245 | 00|aActualités habitation. |pSaguenay |h[ressource électronique]. |
| 246 | 13|aActualités habitation. |pRMR de Saguenay |
| 260 | |a[Montréal] : |bSociété canadienne d'hypothèques et de logement, |c[2003]-2015. |
| 310 | |aTrimestriel |
| 362 | 0 |aPremier trimestre 2003-troisième trimestre 2015. |
| 500 | |aTitre de départ. |
| 500 | |aPubli. aussi en anglais sous le titre : Housing now. Saguenay. |
| 710 | 2 |aSociété canadienne d'hypothèques et de logement. |
| 775 | 08|tHousing now. |w(CaOODSP)9.504706 |
| 776 | 0#|tActualités habitation - Saguenay |w(CaOODSP)9.513811 |
| 785 | 00|tActualités habitation, tableaux. |w(CaOODSP)9.807104 |
| 986 | |a64213 |